00748nam a2200241 a 4500001001300000003000900013005001700022008004100039020001000080082001600090100002000106245007700126260005200203300000900255500003500264505002400299650001600323700002000339902000800359942000700367952011700374999001500491nice12345678IN_TiNIC20260116012739.0050524s1986 bera grp 000 0 eng  ac70500a340.59bPOW aPowers, David S aStudies in Quran and Hadith; the Formation of Islamic Law of Inheritence aBerkeleybUniversity of California Press c1986 a263p aincludes index and biblioraphy2 aBibliography, Index aIslamic-Law1 aPowers, David S bSRS cBK 001040708StackRoom-aHMIbHMId2007-05-30g705.00l0o340.59 POWp014754r2007-05-30v705.00w2005-05-24yBK c8207d8207